Premier League Country and Capital Players - Statistics

General Stats
  • This quiz has been taken 60 times
  • The average score is 3 of 8
Answer Stats
Club(s) Footballer Apps. % Correct
LiverpoolSunderland {Jordan} Henderson 431
88%
Aston VillaCoventry City Manchester United Dion {Dublin} 312
87%
Aston VillaManchester City Newcastle United Stoke City Stephen {Ireland} 245
77%
Derby County {Paris} Simmons 1
25%
Wolves {Santiago} Bueno 13
23%
Hull City Ryan {France} 2
15%
Crystal Palace Kevin {Muscat} 9
10%
Bolton Wanderers {Riga} Mustapha 18
8%
No matching quizzes found
Score Distribution
Percent of People with Each Score
Percentile by Number Answered
Your Score History
You have not taken this quiz